| 000 | 00708nam a2200217Ii 4500 | ||
|---|---|---|---|
| 003 | JO-AjNU | ||
| 008 | 230605s9999||||xx |||||||||||||| ||und|| | ||
| 017 | _a2007/8/2701 | ||
| 040 |
_aJO-AjNU _bara _erda _cJO-AjNU |
||
| 041 | _aara | ||
| 050 | 1 | 4 | _aHD58.6.A28.2010 |
| 100 | 3 |
_aابو شيخة،نادر احمد, _eauthor _927399 |
|
| 245 | 0 | 0 | _aاصول التفاوض=Essential of Negotiation |
| 250 | _aط3 | ||
| 264 | 3 | 1 | _aعمان:دار المسيرة للنشر والتوزيع،2010 |
| 300 | _a397ص | ||
| 336 |
_atext _btxt _2rdacontent |
||
| 337 |
_aunmediated _bn _2rdamedia |
||
| 338 |
_avolume _bnc _2rdacarrier |
||
| 650 | 4 |
_aالتفاعل الاجتماعي-المفاوضات _927400 |
|
| 999 |
_aA10503 _c14071 _d14071 |
||